| 000 | 01099nam a2200253Ia 4500 | ||
|---|---|---|---|
| 003 | Ost | ||
| 005 | 20260507075419.0 | ||
| 008 | 260507s9999||||xx |||||||||||||| ||und|| | ||
| 020 | _a9789957563523 | ||
| 040 | _cfsecg | ||
| 041 | _aara | ||
| 082 | _a330 | ||
| 100 |
_aالقبج، ايهاب سمير زهدي _eمؤلف |
||
| 245 | 0 |
_aريادة الأعمال الداخلية : _bمنظور القدرات الاستراتيجية / _c ايهاب سمير زهدي القبج |
|
| 260 |
_aعمان: _bدار الأيام للنشر و التوزيع, _c2015 |
||
| 300 |
_a248 صفحة؛ _bإيضاحات ؛ _c25 سم |
||
| 504 | _aالمراجع ص.235 | ||
| 520 | _aيضم الإطار العام للدراسة، الإطار النظري و الدراسات ذات صلة، الطريقة و الاإجراءات، نتائج الدراسة، مناقشة النتائج و التوصيات. | ||
| 653 | _aإدارة الأعمال | ||
| 653 | _aالإبداع | ||
| 653 | _aالقيادة | ||
| 700 |
_aالخفاجي، نعمة عباس _eمؤلف ثانوي |
||
| 942 | _cكتاب | ||
| 999 |
_c44460 _d44460 |
||